00425 2200169 4500001002100000005001500021035002000036245003000056100001100086250001700097300003200114260004600146082001000192084001600202020002200218650001500240INLIS00000000000044220240630091303 a0010-06240001511 aMerawat Hamster /cAshary0 aAshary acetakan ke-1 aiv, 68 hlm :bilus ;c21 cm aJakarta :bDharma Utama Publishing,c2006 a636.9 a636.9 ASH m a978-979-121-209-0 4aPeternakan